Statistics for Shortest Multi-Word Country Names

Click here to take the quiz!

General Stats

  • This quiz has been taken 162 times
  • The average score is 8 of 11

Answers on the Map

Answers color-coded by a green-red scale on the quiz's map according to % correct below.
Loading ...
 

Answer Stats

Country% Correct
South Korea
90%
North Korea
88%
South Sudan
82%
Sri Lanka
76%
New Zealand
73%
Cape Verde
69%
East Timor
68%
San Marino
67%
El Salvador
63%
Costa Rica
59%
Saint Lucia
54%

Score Distribution

Percentile by Number Answered

Percent of People with Each Score

Your Score History

You have not taken this quiz